올림픽 개최국 - Statistics

General Stats
  • This quiz has been taken 10 times
  • The average score is 21 of 24
Answer Stats
# 나라 % Correct
2 그리스
100%
2 대한민국
100%
3 독일
100%
1 러시아
100%
10 미국
100%
1 브라질
100%
1 스페인
100%
3 영국
100%
4 이탈리아
100%
4 일본
100%
2 중국
100%
3 캐나다
100%
7 프랑스
100%
2 노르웨이
86%
1 멕시코
86%
2 스위스
86%
2 오스트리아
86%
3 호주
86%
1 벨기에
71%
1 소련
71%
1 스웨덴
71%
1 네덜란드
57%
1 유고슬라비아
57%
1 핀란드
57%
No matching quizzes found
Score Distribution
Percent of People with Each Score
Percentile by Number Answered
Your Score History
You have not taken this quiz